000
00278nam a2200097Ia 4500
008
201231s9999 xx 000 0 und d
100
_a
Alexander Hamilton Institute, Inc.
245
0
_a
Finance and Accounting Program : Fast Track To Managerial Success
300
_a
0
942
_c
BK
999
_c
10041
_d
10041